000 01454cam a2200337 a 4500
999 _c174584
_d174584
001 12169521
003 Nust
005 20170201174102.0
008 000911r19991837enka b 000 1 eng
010 _a 00702933
020 _a9780140436112
040 _aDLC
_cDLC
_dDLC
043 _ae-uk-en
082 0 0 _a823.8
_bDIC
100 1 _aDickens, Charles,
_d1812-1870.
240 1 0 _aPickwick papers
245 1 4 _aThe posthumous papers of the Pickwick Club /
_cCharles Dickens ; edited with an introduction and notes by Mark Wormald.
246 1 4 _aPickwick papers
260 _aLondon ;
_aNew York :
_bPenguin Books,
_c1999.
300 _axxxiv, 800 p. :
_bill. ;
_c20 cm.
440 0 _aPenguin classics
504 _aIncludes bibliographical references (p. xxxiii-xxxiv).
650 0 0 _aMen
_xSocieties and clubs
_vFiction.
651 0 _aEngland
_vFiction.
655 7 _aHumorous stories.
_2gsafd
856 4 2 _3Contributor biographical information
_uhttp://www.loc.gov/catdir/enhancements/fy1203/00702933-b.html
856 4 2 _3Publisher description
_uhttp://www.loc.gov/catdir/enhancements/fy1203/00702933-d.html
856 4 1 _3Sample text
_uhttp://www.loc.gov/catdir/enhancements/fy1505/00702933-s.html
906 _a7
_bcbc
_corigcop
_d2
_encip
_f20
_gy-gencatlg
942 _2ddc
_cBK